Mastering Blockchain (Record no. 35830)
[ view plain ]
| 000 -LEADER | |
|---|---|
| fixed length control field | 00215nam a2200109Ia 4500 |
| 082 ## - DEWEY DECIMAL CLASSIFICATION NUMBER | |
| Classification number | 005.76 |
| Item number | BAS |
| 100 ## - MAIN ENTRY--PERSONAL NAME | |
| Personal name | Bashir-Imran |
| 9 (RLIN) | 43 |
| 245 ## - TITLE STATEMENT | |
| Title | Mastering Blockchain |
| 260 ## - PUBLICATION, DISTRIBUTION, ETC. | |
| Date of publication, distribution, etc. | 2020 |
| 300 ## - PHYSICAL DESCRIPTION | |
| Extent | 788 |
| 942 ## - ADDED ENTRY ELEMENTS (KOHA) | |
| Koha item type | BOOK |
| Withdrawn status | Lost status | Damaged status | Not for loan | Home library | Current library | Date acquired | Inventory number | Total Checkouts | Full call number | Barcode | Date last seen | Price effective from | Koha item type | Date last checked out |
|---|---|---|---|---|---|---|---|---|---|---|---|---|---|---|
| Fr. Agnel's C.Rodrigues College of Engineering | Fr. Agnel's C.Rodrigues College of Engineering | 05/01/2023 | 295 dt 15-10-2022 | 005.76 BAS | 26032 | 19/06/2023 | 19/06/2023 | BOOK | ||||||
| Fr. Agnel's C.Rodrigues College of Engineering | Fr. Agnel's C.Rodrigues College of Engineering | 05/01/2023 | 295 dt 15-10-2022 | 1 | 005.76 BAS | 26033 | 08/06/2024 | 19/06/2023 | BOOK | 21/06/2023 | ||||
| Fr. Agnel's C.Rodrigues College of Engineering | Fr. Agnel's C.Rodrigues- College of Engineering | 05/01/2023 | 295 dt 15-10-2022 | 1 | 005.76 BAS | 26034 | 05/02/2024 | 19/06/2023 | BOOK | 04/09/2023 |